| 000 | 01929nam0a2200337 i 4500 | ||
|---|---|---|---|
| 001 | RU\NLR\bibl\1959422 | ||
| 005 | 20260406010525.0 | ||
| 010 |
_a9785894828183 _9100 |
||
| 021 |
_aRU _b2012-75028 _95556 |
||
| 035 | _a(NLR Aleph) 001948455 | ||
| 090 |
_a3662002 _c3662002 |
||
| 100 | _a20121024d2012 u y0rusy50 ca | ||
| 101 | 0 |
_arus _aeng |
|
| 102 | _aRU | ||
| 105 | _aa ||||||||| | ||
| 200 | 1 |
_aElectronics theory for masters of enginneering. Теоретические основы электроники _eучебное пособие по английскому языку для магистрантов технического вуза _fС.Ю. Тюрина, Р.Р. Башкурова _gМ-во образования и науки Рос. Федерации, Федерал. гос. бюджет. образоват. учреждение высш. проф. образования "Иван. гос. энерг. ун-т им. В.И. Ленина" |
|
| 210 |
_aИваново _cИвановский государственный энергетический университет _d2012 |
||
| 215 |
_a117 с. _cил. _d29 |
||
| 320 | _aБиблиогр.: с. 117 (5 назв.) | ||
| 517 | 0 | _aТеоретические основы электроники | |
| 606 | 1 |
_aАнглийский язык _xУчебные издания для энергетиков _92434789 _3RU\NLR\auth\661448931 |
|
| 686 | _aШ143.21-93рус328.71 | ||
| 700 | 1 |
_4070 _8rus _7ca _aТюрина _bС. Ю. _cканд. филол. наук _gСветлана Юрьевна _3RU\NLR\auth\77115984 _998909 |
|
| 701 | 1 |
_aБашкурова _bР. Р. _gРушана Равильевна _4070 |
|
| 801 | 0 |
_aRU _bNLR _c20121024 _gRCR |
|
| 801 | 1 |
_aRU _bNLR _c20121024 |
|
| 830 | _aавт. по кн. | ||
| 942 | _cBOOK | ||
| 980 | _aNBR | ||